[Event "Timbo U2200 op 2nd"]
[Site "Timbo"]
[Date "2022.08.12"]
[Round "1"]
[White "Moyses Sobrinho, Elias"]
[Black "Maia, Renata Rodrigues Al"]
[Result "1-0"]
[WhiteElo "1793"]
[BlackElo "1149"]
[PlyCount "48"]
[EventDate "2022.08.12"]
[EventType "swiss"]
[EventRounds "6"]
[EventCountry "BRA"]
[SourceTitle "EXT 2024"]
[Source "ChessBase"]
[SourceDate "2023.10.10"]
[SourceVersion "1"]
[SourceVersionDate "2023.10.10"]
[SourceQuality "1"]

1. d4 d5 2. c4 Nf6 3. cxd5 Nxd5 4. e4 Nb6 5. Nc3 g6 6. Be3 Bg7 7. Nf3 Bg4 8. Bb5+ c6 9. Be2 0-0 10. h3 Bxf3 11. Bxf3 Qc7 12. 0-0 Rd8 13. Rc1 a6 14. d5 Nc4 15. Qb3 Nxe3 16. fxe3 Bh6 17. Rfe1 b5 18. g4 Qb6 19. Nd1 cxd5 20. exd5 Nd7 21. d6 Qa5 22. Qc3 Qxc3 23. Rxc3 Ra7 24. dxe7 Re8 1-0

[Event "Santa Catarina State-ch (Women) 34th"]
[Site "Rio Negrinho"]
[Date "2021.07.25"]
[Round "7"]
[White "Pavao, Alice Lara Biasi"]
[Black "Maia, Renata Rodrigues Al"]
[Result "1-0"]
[WhiteElo "1060"]
[BlackElo "1150"]
[PlyCount "31"]
[EventDate "2021.07.22"]
[EventType "swiss"]
[EventRounds "7"]
[EventCountry "BRA"]
[SourceTitle "EXT 2022"]
[Source "ChessBase"]
[SourceDate "2021.10.06"]
[SourceVersion "1"]
[SourceVersionDate "2021.10.06"]
[SourceQuality "1"]

1. Nf3 d5 2. g3 Nf6 3. Bg2 Bf5 4. 0-0 e6 5. d3 c5 6. c4 dxc4 7. dxc4 Qxd1 8. Rxd1 Nbd7 9. Nc3 0-0-0 10. a3 Ne4 11. Nxe4 Bxe4 12. Ng5 Ne5 13. Rxd8+ Kxd8 14. Nxe4 Nxc4 15. Ng5 Nd6 16. Bxb7 1-0

[Event "Santa Catarina-ch (Women)"]
[Site "Lages"]
[Date "2020.02.16"]
[Round "5"]
[White "Maia, Renata Rodrigues Al"]
[Black "Bittencourt, Alica E Decezare"]
[Result "0-1"]
[WhiteElo "1184"]
[BlackElo "1263"]
[PlyCount "70"]
[EventDate "2020.02.14"]
[EventType "swiss"]
[EventRounds "6"]
[EventCountry "BRA"]
[SourceTitle "CBM 195 Extra"]
[Source "ChessBase"]
[SourceDate "2020.05.31"]
[SourceVersion "1"]
[SourceVersionDate "2020.05.31"]
[SourceQuality "1"]

1. d4 b6 2. c4 c5 3. Nf3 Nf6 4. Bf4 Bb7 5. e3 e6 6. Nc3 Be7 7. Bd3 0-0 8. 0-0 d6 9. Re1 Nbd7 10. Rc1 Nh5 11. Bg3 Bg5 12. Bxd6 Be7 13. Bxe7 Qxe7 14. dxc5 Nxc5 15. Bb1 Rad8 16. Qc2 Nf6 17. Ng5 g6 18. Red1 Qc7 19. f3 Qe5 20. Nge4 Nfxe4 21. fxe4 Qg5 22. Qe2 Qe5 23. Qc2 Nd7 24. Rd2 Qg5 25. Kf2 Qh4+ 26. g3 Qf6+ 27. Ke2 Ne5 28. Rf1 Qg5 29. Rxd8 Rxd8 30. Rd1 Qg4+ 31. Kf1 Qf3+ 32. Qf2 Qxd1+ 33. Qe1 Qxe1+ 34. Kxe1 Nxc4 35. Ke2 Nxb2 0-1

[Event "Sao Bento do Sul op 07"]
[Site "Sao Bento do Sul"]
[Date "2019.07.13"]
[Round "4"]
[White "Saurim, Leticia Aparecida11"]
[Black "Maia, Renata Rodrigues Al"]
[Result "1/2-1/2"]
[WhiteElo "1372"]
[BlackElo "1175"]
[PlyCount "94"]
[EventDate "2019.07.12"]
[EventType "swiss"]
[EventRounds "7"]
[EventCountry "BRA"]
[SourceTitle "CBM 195 Extra"]
[Source "ChessBase"]
[SourceDate "2020.05.31"]
[SourceVersion "1"]
[SourceVersionDate "2020.05.31"]
[SourceQuality "1"]

1. d4 d5 2. Bf4 c5 3. Nf3 Nc6 4. e3 Bg4 5. Be2 e6 6. 0-0 Qb6 7. b3 Bxf3 8. Bxf3 cxd4 9. exd4 Qxd4 10. Qxd4 Nxd4 11. Bd1 Rc8 12. c3 Nf5 13. Be2 Nf6 14. Be5 Be7 15. Nd2 0-0 16. c4 d4 17. Nf3 Rfd8 18. Bd3 Ng4 19. Bxf5 Nxe5 20. Bxh7+ Kxh7 21. Nxe5 f6 22. Nd3 Ba3 23. Rfe1 e5 24. Re2 Kg6 25. f4 exf4 26. Nxf4+ Kf5 27. Nd5 Re8 28. Rf1+ Kg5 29. Rd2 Re4 30. Rfd1 Bc5 31. b4 d3+ 32. Kf1 Rxc4 33. bxc5 Rc2 34. Rxd3 Rxa2 35. Ne7 Rxc5 36. Rd5+ Rxd5 37. Rxd5+ Kf4 38. Rd7 Ra1+ 39. Kf2 Ra2+ 40. Kf1 b5 41. Nd5+ Ke5 42. Nc3 Ra5 43. Rd5+ Kf4 44. Nxb5 Ke3 45. Nc3 Rxd5 46. Nxd5+ Kd4 47. Nb4 Kc3 1/2-1/2